01022nam0a22002411 4500001001100000005001700011021001900028035002600047100004100073101000800114102000700122105001800129200022600147210003700373215003700410225006300447320003500510606013100545700003900676801001800715801002200733852002500755rc\390066420250611014229.0 aRUb[56-44613] a(NLR Aleph) 008013492 a20130415d1956 |||y0rusy50 ca0 arus aRU aa z |||||1 aКлиническая рентгенодиагностика одонтогенных заболеваний верхнечелюстной пазухи с применением контрастных веществ aМоскваcМедгизd1956 a111 с., 23 л. ил.cил.d211 aБиблиотека практического врача aБиблиогр.: с. 102-110 aВерхнечелюстная пазухаxБолезниxДиагностика рентгенологическая2psbo 1aБардахbЯ.М.gЯнуш М. 0aRUbNLRgpsbo 1aRUbELAR2rusmarc aNLRjМд40 Г-3/293